00628nam a2200205Ia 4500008004100000050001700041050001500058100003500073245008000108245003500188260003100223260001000254260001000264300001500274300002000289300001100309500005600320521002700376999001900403170504s9999 xx 000 0 und d aQA 76.9.S88  b.T649 2016 aTolentino, Laurence Juliene O. aExam maker and evaluator system for the faculty of information technology / cLaurence Juliene O. Tolentino. aLas Piñas, Philippines : bSISC, c2016. a83 pages : billustrations ; c28 cm. aIncludes bibliographical references and appendices. aInformation Technology c329777d329777